[Event "FRA-ch U16 Girls"]
[Site "La Roche sur Yon"]
[Date "2008.04.21"]
[Round "1"]
[White "Dourerassou, Cynthia"]
[Black "Perrier, Lea"]
[Result "1-0"]
[WhiteElo "1909"]
[BlackElo "1647"]
[PlyCount "55"]
[EventDate "2008.04.21"]
[EventType "swiss"]
[EventRounds "9"]
[EventCountry "FRA"]
[SourceTitle "EXT 2010"]
[Source "ChessBase"]
[SourceDate "2010.11.25"]
[SourceVersion "1"]
[SourceVersionDate "2010.11.25"]
[SourceQuality "1"]

1. e4 d5 2. exd5 Qxd5 3. Nc3 Qd6 4. d4 Nf6 5. Nf3 a6 6. Bg5 Bg4 7. Bc4 Nc6 8. Qd2 Bxf3 9. gxf3 Qxd4 10. Qxd4 Nxd4 11. 0-0-0 Nc6 12. f4 Na5 13. Be2 Rd8 14. Bf3 Rxd1+ 15. Rxd1 Nc6 16. f5 g6 17. fxg6 hxg6 18. Bxf6 exf6 19. Nd5 Rxh2 20. Nxf6+ Ke7 21. Nd5+ Kd6 22. Ne3+ Ke7 23. Ng4 Rh3 24. Bg2 Rh8 25. c4 f5 26. Bxc6 bxc6 27. Ne5 Bg7 28. Nxg6+ 1-0